Score 0/15 Timer 10:00
0 Plays Today
Question Answer % Correct
Which Middle Eastern Aubergine dish is made by combining aubergine, tahini and oil?Baba ghanoush
80%
Which Mediterranean dish consists of spiced meat, bechamel and sauteed aubergine, tastefully layered?Moussaka
80%
What is the world's largest producer of aubergines?China
73.3%
What name is used in Hindi for an aubergine?brinjal
60%
Which aubergine pasta dish is supposedly named after an opera by Vincenzo Bellini?Pasta alla Norma
53.3%
An ottoman dish of stuffed aubergine is normally known by a name suggesting a man of what occupation had fainted?Imam
53.3%
Chopped fried aubergine, celery, capers and vinegar can be combined to form which Sicilian aubergine relish?Caponata
53.3%
What name is used for the aubergine in Italian?melanzana
46.7%
Question Answer % Correct
Which space rock band who released the single 'Silver Machine' recorded the track 'The Aubergine That Ate Rangoon'?Hawkwind
46.7%
The eggplant wizard began as an antagonist in which Nintendo series whose protagonist is Pit?Kid Icarus
40%
Gordon Ramsay staged a walkout of the restaurant Aubergine after which sous-chef was sacked?Marcus Wareing
33.3%
By what name is miso-glazed eggplant known in Japan?nasu dengaku
33.3%
What name is given to the process of slicing and salting an aubergine to draw out water?degorging
26.7%
Which Majorcan dish consists of aubergine, potato and red peppers fried in oil and topped with tomato fried with garlic?tombet
26.7%
The novel Blue Aubergine was written by an author from which country?Egypt
26.7%
Remove Ads.
Support Sporcle.
Get the best of Sporcle when you Go Orange. This ad-free experience offers more features, more stats, and more fun while also helping to support Sporcle. Thank you for becoming a member.

You're not logged in!

Compare scores with friends on all Sporcle quizzes.
OR
Log In

Sporcle TV

Today on Sporcle TV


Watch our educational content, quiz creation guides, and fun videos on Sporcle TV.

Show Comments

Extras

Created May 11, 2017ReportNominate
Tags:Everything

Top Quizzes Today


Score Distribution

Paid Content

Your Account Isn't Verified!

In order to create a playlist on Sporcle, you need to verify the email address you used during registration. Go to your Sporcle Settings to finish the process.

Report this User

Report this user for behavior that violates our Community Guidelines.

Details: